|
|
|
|
| LEADER |
00000nab a2200000 a 4500 |
| 001 |
vtls000932226 |
| 003 |
SK-MaSNL |
| 005 |
20260303035026.0 |
| 008 |
040720e20040214xo 0 slo |
| 035 |
|
|
|a KE41103
|
| 040 |
|
|
|a KEVKJB
|b slo
|c KEVKJB
|e AACR2
|
| 041 |
0 |
|
|a slo
|
| 044 |
|
|
|a xo
|c SK
|
| 080 |
|
|
|a 615.86
|2 1981
|
| 080 |
|
|
|a 061.237
|2 1981
|
| 100 |
0 |
|
|a (las)
|4 aut
|9 877412
|
| 245 |
1 |
0 |
|a Členovia združenia Radosť oslávili Valentína hudbou
|
| 300 |
|
|
|b 1 foto
|
| 610 |
2 |
7 |
|a Radosť (občianske združenie)
|2 KEVKJB
|9 877764
|
| 610 |
2 |
7 |
|a Združenie príbuzných a priateľov Radosť (Košice, Slovensko)
|2 KEVKJB
|9 877763
|
| 650 |
0 |
7 |
|a združenia občianske
|2 KEVKJB
|9 866620
|
| 650 |
0 |
7 |
|a muzikoterapia
|2 KEVKJB
|9 15778
|
| 650 |
0 |
7 |
|a aktivity
|2 KEVKJB
|9 372560
|
| 651 |
|
7 |
|a Košice (Slovensko)
|2 KEVKJB
|9 18694
|
| 651 |
|
7 |
|a KE,
|2 KEVKJB
|9 877256
|
| 655 |
|
7 |
|a periodikum
|2 snkbucl
|9 29553
|
| 710 |
2 |
|
|a Radosť (občianske združenie)
|4 aut
|9 877764
|
| 773 |
0 |
8 |
|t Košický denník Korzár
|g Roč. 7, č.37, 14.2.2004, s. 5
|x 1335-4566
|
| 852 |
|
|
|a ZVYKNI
|b KIS3GCP
|
| 999 |
|
|
|c 1675813
|d 1677743
|